[Event "FB1 2223 Schachfreunde Deizisau - TuRa "]
[Site "?"]
[Date "2022.10.16"]
[Round "2.4"]
[White "Rapport, Jovana"]
[Black "Adamowicz, Katarzyna"]
[Result "1-0"]
[WhiteElo "2294"]
[BlackElo "2088"]
[PlyCount "117"]
[EventDate "2022.??.??"]

1. e4 e5 2. Nf3 Nc6 3. g3 g6 4. d4 exd4 5. Nxd4 Bg7 6. Ne2 Nge7 7. Bg2 d6 8. Nbc3 Be6 9. Nd5 O-O 10. Nef4 Bd7 11. O-O Ne5 12. h3 Bb5 13. Re1 c6 14. Nc3 Ba6 15. Rb1 Qc7 16. a4 Rad8 17. b3 Rfe8 18. Bb2 b6 19. Nce2 Bb7 20. c4 Qd7 21. Qc2 f5 22. Nd4 Rb8 23. exf5 Nxf5 24. Nxf5 Qxf5 25. Qxf5 gxf5 26. Red1 Rbd8 27. Nh5 Bh8 28. Rd2 Re6 29. Re2 Rde8 30. Nf4 R6e7 31. Ba3 Nf7 32. Rxe7 Rxe7 33. Rd1 Be5 34. Nh5 Re6 35. Bc1 Bc3 36. Be3 Kf8 37. Rd3 Bb4 38. Rd1 Ne5 39. Nf4 Re7 40. Ne2 Ke8 41. Nd4 Kd7 42. Nxf5 Rf7 43. Nd4 Kc7 44. f4 Nd7 45. Ne6+ Kc8 46. Kf2 Nf6 47. g4 Kd7 48. f5 h5 49. g5 Ne8 50. Be4 d5 51. g6 Re7 52. cxd5 cxd5 53. Bxd5 Bxd5 54. Rxd5+ Kc6 55. Rd3 Nd6 56. g7 Re8 57. Nd4+ Kb7 58. Nc2 Ne4+ 59. Kf3 1-0

[Event "FB1 2223 Schachfreunde Deizisau - TuRa "]
[Site "?"]
[Date "2022.10.16"]
[Round "2.5"]
[White "Brandt, Carina"]
[Black "Jelica, Mara"]
[Result "1-0"]
[WhiteElo "2041"]
[BlackElo "2122"]
[PlyCount "101"]
[EventDate "2022.??.??"]

1. e4 c5 2. c3 Nf6 3. e5 Nd5 4. d4 cxd4 5. cxd4 d6 6. Bc4 Nb6 7. Bb5+ Bd7 8. a4 Bxb5 9. axb5 e6 10. Nc3 dxe5 11. dxe5 Qxd1+ 12. Kxd1 N8d7 13. f4 Nc5 14. Kc2 Be7 15. Nge2 O-O 16. Rd1 Rfc8 17. Be3 Kf8 18. Bg1 Ke8 19. Ra5 Rd8 20. Rxd8+ Kxd8 21. b4 Ncd7 22. Kb3 Ke8 23. g3 Nc8 24. Ra2 Bd8 25. Ne4 Ke7 26. Bc5+ Ke8 27. N2c3 Be7 28. Be3 f6 29. exf6 gxf6 30. Nc5 Nxc5+ 31. bxc5 Kd7 32. f5 exf5 33. Rd2+ Ke8 34. Nd5 Bd8 35. Bf4 Kf7 36. Nc7 Bxc7 37. Rd7+ Ke6 38. Rxc7 Kd5 39. Kb4 b6 40. c6 a6 41. bxa6 Na7 42. Rxa7 Rxa7 43. Kb5 Rxa6 44. Kxa6 Kxc6 45. Be3 b5 46. Ka5 f4 47. Bxf4 Kc5 48. Bd2 f5 49. Bb4+ Kc4 50. h4 h5 51. Be7 1-0

[Event "FB1 2223 Schachfreunde Deizisau - TuRa "]
[Site "?"]
[Date "2022.10.16"]
[Round "2.6"]
[White "Gheng, Simona"]
[Black "Koehler, Inken"]
[Result "1/2-1/2"]
[WhiteElo "1905"]
[BlackElo "1995"]
[PlyCount "43"]
[EventDate "2022.??.??"]

1. e4 e6 2. d4 d5 3. Nd2 dxe4 4. Nxe4 Bd7 5. Nf3 Bc6 6. Ng3 Nd7 7. c3 Ngf6 8. Bd3 Bd6 9. Qe2 Bxf3 10. Qxf3 c6 11. Bf4 Bxf4 12. Qxf4 Qb6 13. Rb1 c5 14. dxc5 Nxc5 15. Bc4 O-O-O 16. O-O Qc6 17. Rfd1 h5 18. Be2 Rxd1+ 19. Rxd1 h4 20. Bf3 Qa4 21. Qd6 Qb5 22. Ne2 1/2-1/2

[Event "FB1 2223 OSG Baden-Baden - Hamburger SK"]
[Site "?"]
[Date "2022.10.16"]
[Round "2.1"]
[White "Socko, Monika"]
[Black "Stefanova, Antoaneta"]
[Result "1/2-1/2"]
[WhiteElo "2420"]
[BlackElo "2472"]
[PlyCount "53"]
[EventDate "2022.??.??"]

1. d4 d5 2. c4 e6 3. Nf3 c6 4. e3 Bd6 5. Bd3 f5 6. O-O Nh6 7. b3 Nd7 8. Ba3 Bxa3 9. Nxa3 O-O 10. Nb1 Nf7 11. cxd5 cxd5 12. Nc3 Nf6 13. Rc1 Bd7 14. Qd2 Qb8 15. Ne2 Qd6 16. Qb2 Rfc8 17. Ne5 Rxc1 18. Rxc1 Rc8 19. Rxc8+ Bxc8 20. Qc3 Bd7 21. h3 Ne8 22. Nxf7 Kxf7 23. Qa5 Qb8 24. Nf4 b6 25. Qd2 Nf6 26. Qc2 Qc8 27. Qxc8 1/2-1/2

[Event "FB1 2223 OSG Baden-Baden - Hamburger SK"]
[Site "?"]
[Date "2022.10.16"]
[Round "2.2"]
[White "Paehtz, Elisabeth"]
[Black "Papp, Sarah"]
[Result "1-0"]
[WhiteElo "2477"]
[BlackElo "2290"]
[PlyCount "55"]
[EventDate "2022.??.??"]

1. e4 c6 2. d4 d5 3. Nc3 dxe4 4. Nxe4 Nf6 5. Nxf6+ exf6 6. c3 Bd6 7. Bd3 O-O 8. Qc2 Re8+ 9. Ne2 h5 10. O-O h4 11. h3 Nd7 12. Bd2 Nf8 13. Rae1 Be6 14. f4 c5 15. f5 Bd7 16. Bf4 Bc6 17. Rd1 Bxf4 18. Rxf4 Qd5 19. Rg4 Nh7 20. c4 Qd6 21. d5 Bd7 22. Nc3 Ng5 23. Qf2 Qe5 24. Rxh4 Qe3 25. Rf4 Re5 26. Qxe3 Rxe3 27. h4 Nh7 28. Ne4 1-0

[Event "FB1 2223 OSG Baden-Baden - Hamburger SK"]
[Site "?"]
[Date "2022.10.16"]
[Round "2.3"]
[White "Baciu, Diana"]
[Black "Narva, Mai"]
[Result "0-1"]
[WhiteElo "2295"]
[BlackElo "2386"]
[PlyCount "90"]
[EventDate "2022.??.??"]

1. e4 c5 2. Nf3 e6 3. b3 Nc6 4. Bb2 Qc7 5. c4 a6 6. h3 b6 7. g3 Bb7 8. Bg2 d6 9. d4 cxd4 10. Nxd4 Nf6 11. Nc3 Be7 12. Rc1 Nxd4 13. Qxd4 Rb8 14. O-O O-O 15. Rfd1 Rfd8 16. Qe3 Rbc8 17. Rd2 Ba8 18. Rcd1 Qb8 19. Ba3 b5 20. cxb5 axb5 21. Bb4 Bf8 22. Ba5 Re8 23. Qd4 d5 24. exd5 b4 25. Na4 Bxd5 26. Bb6 Bxg2 27. Kxg2 Nd5 28. Bc5 Bxc5 29. Nxc5 Nc3 30. Re1 Red8 31. Nd7 Qb7+ 32. Kh2 Kh8 33. Re5 Nd5 34. Nc5 Qc7 35. Nd3 Nf6 36. Qe3 Qc3 37. Rd1 Nd5 38. Qc1 Qd4 39. Qb2 Qxb2 40. Nxb2 Rc2 41. Nd3 Nc3 42. Rc1 Rxa2 43. Nxb4 Rxf2+ 44. Kg1 Rb2 45. Nc2 Na2 0-1

[Event "FB1 2223 OSG Baden-Baden - Hamburger SK"]
[Site "?"]
[Date "2022.10.16"]
[Round "2.4"]
[White "Injac, Teodora"]
[Black "Genova, Lyubka"]
[Result "1-0"]
[WhiteElo "2387"]
[BlackElo "2212"]
[PlyCount "95"]
[EventDate "2022.??.??"]

1. d4 Nf6 2. c4 e6 3. Nc3 Bb4 4. e3 b6 5. Nge2 c5 6. a3 Ba5 7. Rb1 Na6 8. Ng3 Bxc3+ 9. bxc3 Bb7 10. d5 O-O 11. Bd3 exd5 12. cxd5 c4 13. Bxc4 Rc8 14. Ba2 Rxc3 15. Bb2 Rc8 16. O-O Nc5 17. Qd4 Ba6 18. Rfd1 Re8 19. d6 Nce4 20. f3 Nxg3 21. hxg3 Rc2 22. Qa4 Qc8 23. Rdc1 Bd3 24. Qb3 Bg6 25. Rxc2 Qxc2 26. Qxc2 Bxc2 27. Rc1 Ba4 28. e4 Bc6 29. g4 h6 30. Bd4 Rb8 31. Kf2 a6 32. Ke3 b5 33. Bc3 Nh7 34. Ba5 Nf6 35. Kd4 Kf8 36. e5 Nh7 37. f4 Bxg2 38. Rc7 Bc6 39. Bb1 g6 40. Kc5 Ke8 41. Rxc6 dxc6 42. Bc7 Rc8 43. Kxc6 Nf8 44. e6 fxe6 45. Bxg6+ Nxg6 46. d7+ Kf7 47. dxc8=Q Ne7+ 48. Kd7 1-0

[Event "FB1 2223 OSG Baden-Baden - Hamburger SK"]
[Site "?"]
[Date "2022.10.16"]
[Round "2.5"]
[White "Ziegenfuss, Antonia"]
[Black "Heinemann, Josefine"]
[Result "0-1"]
[WhiteElo "2144"]
[BlackElo "2325"]
[PlyCount "82"]
[EventDate "2022.??.??"]

1. d4 Nf6 2. c4 e6 3. Nc3 Bb4 4. f3 c5 5. d5 b5 6. e4 d6 7. Nge2 bxc4 8. Nf4 e5 9. Nfe2 Nbd7 10. Ng3 Nb6 11. Be2 Ng8 12. O-O Ne7 13. f4 exf4 14. Bxf4 Ng6 15. Bg4 O-O 16. Bf5 Bxf5 17. Nxf5 Nxf4 18. Rxf4 Bxc3 19. bxc3 g6 20. Ne3 Qe7 21. Qf3 Rae8 22. Re1 Kg7 23. Qg3 Kh8 24. Rh4 Qe5 25. Qh3 Qxc3 26. Rxh7+ Kg8 27. Rd1 Rxe4 28. Ng4 Qb2 29. Qa3 Re1+ 30. Rxe1 Qd4+ 31. Nf2 Kxh7 32. Rd1 Qf4 33. Qxa7 c3 34. Qa3 Qe3 35. Qc1 Nxd5 36. Qxe3 Nxe3 37. Rc1 Rb8 38. Ne4 c2 39. Nc3 d5 40. Kf2 d4 41. h3 Re8 0-1

[Event "FB1 2223 OSG Baden-Baden - Hamburger SK"]
[Site "?"]
[Date "2022.10.16"]
[Round "2.6"]
[White "Arakhamia-Grant, Ketevan"]
[Black "Scognamiglio, Stefanie"]
[Result "1-0"]
[WhiteElo "2333"]
[BlackElo "2056"]
[PlyCount "61"]
[EventDate "2022.??.??"]

1. e4 c5 2. Nf3 Nc6 3. d4 cxd4 4. Nxd4 g6 5. c4 Bg7 6. Nc2 d6 7. Be2 Qb6 8. Nc3 Bxc3+ 9. bxc3 Nf6 10. f3 Nd7 11. Be3 Qa5 12. Qd2 Nc5 13. O-O Bd7 14. Nb4 Rc8 15. Nd5 Ne5 16. Bd4 f6 17. f4 Nc6 18. Qe3 Kf7 19. e5 Rhe8 20. Qg3 dxe5 21. fxe5 f5 22. Rae1 Be6 23. Qh4 Rh8 24. Nxe7 Nxe7 25. Qf6+ Kg8 26. Qxe7 Qc7 27. Qh4 h6 28. Bf3 Bxc4 29. e6 Nxe6 30. Rxe6 Bxe6 31. Qf6 1-0

[Event "FB1 2223 SV Weißblau Allianz Leipzig -"]
[Site "?"]
[Date "2022.10.16"]
[Round "2.1"]
[White "Nguyen, Ha Thanh"]
[Black "Cyfka, Karina"]
[Result "1/2-1/2"]
[WhiteElo "1967"]
[BlackElo "2352"]
[PlyCount "115"]
[EventDate "2022.??.??"]

1. e4 e5 2. Nf3 Nc6 3. Bc4 Nf6 4. d3 h6 5. O-O d6 6. c3 g5 7. Be3 Bg7 8. Bb3 O-O 9. Bc2 Ne7 10. d4 Ng6 11. dxe5 dxe5 12. Qxd8 Rxd8 13. Na3 Bd7 14. Rad1 Re8 15. Nd2 Bf8 16. f3 Nf4 17. Rfe1 a5 18. Nf1 Bc6 19. Ng3 b5 20. Nb1 a4 21. a3 Bb7 22. Nf5 Bc8 23. Nd2 Be6 24. g3 Ng6 25. Bd3 c6 26. c4 Rab8 27. cxb5 cxb5 28. Rc1 Red8 29. Bf1 Ne7 30. Nxe7+ Bxe7 31. Rc2 Nd7 32. Rec1 Nf8 33. Ba7 Rb7 34. Be3 Bd6 35. Rc6 Bb8 36. Nb1 Kg7 37. R6c2 Bb3 38. Rc8 Rxc8 39. Rxc8 Ne6 40. Nc3 b4 41. axb4 Rxb4 42. Nb5 Bd1 43. Rxb8 Bxf3 44. Rc8 Rxb2 45. Nd6 a3 46. Bc1 Rb3 47. Ra8 Nc5 48. Rxa3 Rxa3 49. Bxa3 Nxe4 50. Nxe4 Bxe4 51. Bb2 f6 52. Kf2 Bd5 53. Ke3 Be6 54. Bd3 Bd5 55. Be4 Bb3 56. Bf5 Kf7 57. Ba3 Bd5 58. Bb4 1/2-1/2

[Event "FB1 2223 SV Weißblau Allianz Leipzig -"]
[Site "?"]
[Date "2022.10.16"]
[Round "2.2"]
[White "Kulon, Klaudia"]
[Black "Tsakona, Maria"]
[Result "1-0"]
[WhiteElo "2253"]
[BlackElo "1975"]
[PlyCount "73"]
[EventDate "2022.??.??"]

1. c4 e6 2. Nf3 d5 3. e3 Nf6 4. Nc3 Bd6 5. b3 O-O 6. Bb2 Re8 7. d4 b6 8. Be2 Bb7 9. O-O Nbd7 10. Rc1 dxc4 11. bxc4 e5 12. Nb5 Bxf3 13. Bxf3 e4 14. Nxd6 cxd6 15. Be2 Qe7 16. Ba3 Qe6 17. Qb3 Nf8 18. h3 Ng6 19. c5 d5 20. Bb5 Rec8 21. Ba6 Rc7 22. cxb6 Rxc1 23. Rxc1 axb6 24. Bb7 Rb8 25. Rc6 Rxb7 26. Rxe6 fxe6 27. Qa4 Nd7 28. Bd6 Ndf8 29. Qa6 Rd7 30. Qxb6 h6 31. a4 Ne7 32. Bxe7 Rxe7 33. a5 Nd7 34. Qd8+ Kf7 35. a6 Nf6 36. Qxe7+ Kxe7 37. a7 1-0

[Event "FB1 2223 SV Weißblau Allianz Leipzig -"]
[Site "?"]
[Date "2022.10.16"]
[Round "2.3"]
[White "Reuter, Elisa"]
[Black "Hincu, Olga"]
[Result "0-1"]
[WhiteElo "1924"]
[BlackElo "2104"]
[PlyCount "84"]
[EventDate "2022.??.??"]

1. e4 c6 2. d4 d5 3. exd5 cxd5 4. c4 e6 5. Nc3 Nf6 6. c5 Nc6 7. Nf3 Be7 8. a3 Ne4 9. Bb5 Nxc3 10. bxc3 Qa5 11. Qb3 a6 12. Bxc6+ bxc6 13. O-O f6 14. a4 O-O 15. c4 Qc7 16. cxd5 exd5 17. Qd3 Bg4 18. h3 Bh5 19. Re1 Bg6 20. Qe3 Rae8 21. Qc3 Bd8 22. Bd2 Be4 23. Nh2 Qf7 24. Bf4 Bc7 25. Bxc7 Qxc7 26. Nf1 h5 27. h4 Qd7 28. f3 Bg6 29. Qd2 Qc7 30. Rad1 Rb8 31. Re2 Rb3 32. Re3 Rfb8 33. Rxb3 Rxb3 34. Qe2 a5 35. Qe6+ Kh7 36. Qd6 Qb7 37. Re1 Qb4 38. Re7 Qxd4+ 39. Kh2 Qxh4+ 40. Kg1 Rb1 41. Qc7 Qd4+ 42. Kh2 f5 0-1

[Event "FB1 2223 SV Weißblau Allianz Leipzig -"]
[Site "?"]
[Date "2022.10.16"]
[Round "2.4"]
[White "Schulz, Petra"]
[Black "Mueller-Ludwig, Kristin"]
[Result "1-0"]
[WhiteElo "1993"]
[BlackElo "2048"]
[PlyCount "75"]
[EventDate "2022.??.??"]

1. e4 e6 2. d4 d5 3. e5 c5 4. c3 Nc6 5. Nf3 Qb6 6. a3 Nh6 7. b4 cxd4 8. cxd4 Nf5 9. Bb2 Be7 10. Bd3 Bd7 11. Bxf5 exf5 12. Nc3 Be6 13. O-O O-O 14. Qd3 a6 15. Na4 Qa7 16. Bc1 Rfc8 17. Rd1 h6 18. h4 Nb8 19. Be3 Nd7 20. Nc5 Nb6 21. Kh2 Nc4 22. Nxe6 fxe6 23. g4 Nb2 24. Qd2 Nxd1 25. Bxh6 Nxf2 26. Qxf2 fxg4 27. Bg5 gxf3 28. Bxe7 Rc2 29. Qxc2 Qxd4 30. Rf1 Qxe5+ 31. Kh3 Re8 32. Bc5 b6 33. Qg6 Rc8 34. Bd4 Qxd4 35. Qxe6+ Kh7 36. Qf5+ Kh6 37. Qxc8 Qe4 38. Qc1+ 1-0

[Event "FB1 2223 SV Weißblau Allianz Leipzig -"]
[Site "?"]
[Date "2022.10.16"]
[Round "2.5"]
[White "Troyke, Doreen"]
[Black "Germann, Heike"]
[Result "1/2-1/2"]
[WhiteElo "2001"]
[BlackElo "1991"]
[PlyCount "44"]
[EventDate "2022.??.??"]

1. c4 Nf6 2. g3 g6 3. Bg2 Bg7 4. Nc3 d6 5. e3 O-O 6. Nge2 e5 7. O-O c6 8. d4 Be6 9. b3 Na6 10. Bb2 Rc8 11. Qd2 Qe7 12. Rfd1 Rfd8 13. d5 cxd5 14. Nxd5 Nxd5 15. Bxd5 h6 16. Nc3 Nc7 17. Bg2 Bg4 18. Re1 Qd7 19. Nd5 Nxd5 20. Bxd5 Be6 21. Red1 Rc5 22. Rac1 Bxd5 1/2-1/2

[Event "FB1 2223 Rodewischer Schachmiezen - SC "]
[Site "?"]
[Date "2022.10.16"]
[Round "2.1"]
[White "Kiolbasa, Oliwia"]
[Black "Sieber, Fiona"]
[Result "0-1"]
[WhiteElo "2410"]
[BlackElo "2280"]
[PlyCount "102"]
[EventDate "2022.??.??"]

1. e4 c5 2. Nf3 d6 3. d4 cxd4 4. Nxd4 Nf6 5. Nc3 a6 6. Bd3 Nc6 7. Nxc6 bxc6 8. b3 e5 9. O-O Be7 10. Na4 O-O 11. c4 d5 12. Qc2 d4 13. c5 a5 14. Nb6 Ra7 15. f4 Ba6 16. fxe5 Bxd3 17. Qxd3 Nd7 18. Nxd7 Rxd7 19. Bd2 Bg5 20. e6 fxe6 21. Rxf8+ Kxf8 22. Rf1+ Rf7 23. Bxg5 Qxg5 24. Qxd4 Rxf1+ 25. Kxf1 Qc1+ 26. Ke2 Qc2+ 27. Kf3 Qxa2 28. Qd6+ Kf7 29. Qd7+ Kf6 30. Qd8+ Kf7 31. Qc7+ Kf6 32. e5+ Kg6 33. Qb8 Kh6 34. Qb6 a4 35. bxa4 Qa3+ 36. Kf2 Qxa4 37. g3 Qc2+ 38. Kg1 Qd1+ 39. Kg2 Qd5+ 40. Kf2 Kg5 41. h4+ Kg4 42. Qb4+ Kh3 43. h5 Qg2+ 44. Ke1 Qxg3+ 45. Kf1 Qxe5 46. Qc4 Qe3 47. Qc2 Qf3+ 48. Kg1 Qg4+ 49. Kh1 Kh4 50. Qxh7 Qxh5 51. Qc2 Qf5 0-1

[Event "FB1 2223 Rodewischer Schachmiezen - SC "]
[Site "?"]
[Date "2022.10.16"]
[Round "2.2"]
[White "Lubbe, Melanie"]
[Black "Maltsevskaya, Aleksandra"]
[Result "0-1"]
[WhiteElo "2320"]
[BlackElo "2356"]
[PlyCount "54"]
[EventDate "2022.??.??"]

1. d4 Nf6 2. Nc3 d5 3. Bf4 c5 4. e3 Bg4 5. Qd2 Nc6 6. f3 Bf5 7. dxc5 e5 8. Bg5 d4 9. exd4 exd4 10. Nb5 Bxc5 11. Qf4 Bxc2 12. Nc7+ Kd7 13. Nxa8 Qa5+ 14. b4 Qxb4+ 15. Qd2 Qb2 16. Qc1 Re8+ 17. Ne2 Qxc1+ 18. Rxc1 d3 19. g3 Nd4 20. Bh3+ Kc6 21. Kf1 dxe2+ 22. Kg2 Bd1 23. Bd2 Rxa8 24. Be3 Nc2 25. Bxc5 e1=Q 26. Rxe1 Nxe1+ 27. Kf1 Nd3 0-1

[Event "FB1 2223 Rodewischer Schachmiezen - SC "]
[Site "?"]
[Date "2022.10.16"]
[Round "2.3"]
[White "Melamed, Tatjana"]
[Black "Movsesian, Julia"]
[Result "1/2-1/2"]
[WhiteElo "2391"]
[BlackElo "2300"]
[PlyCount "68"]
[EventDate "2022.??.??"]

1. e4 c6 2. d4 d5 3. Nc3 dxe4 4. Nxe4 Nf6 5. Nxf6+ exf6 6. c3 Bd6 7. Bd3 O-O 8. Qc2 Re8+ 9. Ne2 h5 10. Be3 Nd7 11. O-O-O Nf8 12. Kb1 Be6 13. c4 Rc8 14. a3 Ng6 15. Nc3 b5 16. c5 Bf8 17. d5 cxd5 18. Bxb5 Bxc5 19. Bxc5 Rxc5 20. Bxe8 Qxe8 21. Ka1 Qc8 22. Rhe1 Ne5 23. f4 Nc4 24. Na4 Ra5 25. Nc3 Rc5 26. Na4 Ra5 27. Nc3 Nxa3 28. bxa3 Rxa3+ 29. Kb2 Ra6 30. Rd4 Rb6+ 31. Ka2 Ra6+ 32. Kb2 Rb6+ 33. Ka2 Ra6+ 34. Kb2 Rb6+ 1/2-1/2

[Event "FB1 2223 Rodewischer Schachmiezen - SC "]
[Site "?"]
[Date "2022.10.16"]
[Round "2.4"]
[White "Sliwicka, Alicja"]
[Black "Sukandar, Irine Kharisma"]
[Result "0-1"]
[WhiteElo "2240"]
[BlackElo "2401"]
[PlyCount "134"]
[EventDate "2022.??.??"]

1. e4 c5 2. Nf3 Nc6 3. d4 cxd4 4. Nxd4 g6 5. c4 Nf6 6. Nc3 d6 7. Be2 Nxd4 8. Qxd4 Bg7 9. Be3 O-O 10. Qd2 Be6 11. f3 Rc8 12. Nd5 Bxd5 13. exd5 Nd7 14. Rc1 a5 15. b3 Nc5 16. O-O Qb6 17. Kh1 Ra8 18. Rb1 Qb4 19. Qc1 Qc3 20. Qxc3 Bxc3 21. a3 Rfc8 22. Rfc1 Bf6 23. Kg1 h5 24. Kf1 Kh7 25. Rd1 Bg7 26. h4 Bh6 27. Bg5 Bxg5 28. hxg5 Rc7 29. Kf2 Kg7 30. Ke3 Re8 31. b4 Nd7 32. f4 Ra8 33. Ra1 b6 34. g4 Rca7 35. b5 hxg4 36. Bxg4 Nc5 37. Rh1 Rh8 38. Rxh8 Kxh8 39. Re1 Ra8 40. Kd4 Re8 41. Re3 Kg7 42. Rh3 f5 43. gxf6+ exf6 44. Be6 Rh8 45. Rg3 Rh4 46. Ke3 Kh6 47. Bh3 g5 48. fxg5+ fxg5 49. Bg4 Kg6 50. Kd4 Nd7 51. Kc3 Nf6 52. Bf3 g4 53. Bg2 Rh2 54. c5 dxc5 55. d6 Kf7 56. Kc4 Ke6 57. Bb7 Kxd6 58. Bc8 Rd2 59. Re3 Rd4+ 60. Kb3 Kc7 61. Bf5 Rf4 62. Re5 a4+ 63. Kb2 g3 64. Bh3 Rh4 65. Bg2 Rh2 66. Re2 Nd5 67. Rd2 Ne3 0-1

[Event "FB1 2223 Rodewischer Schachmiezen - SC "]
[Site "?"]
[Date "2022.10.16"]
[Round "2.5"]
[White "Savina, Anastasia"]
[Black "Miturova, Magdalena"]
[Result "1-0"]
[WhiteElo "2352"]
[BlackElo "2219"]
[PlyCount "59"]
[EventDate "2022.??.??"]

1. Nf3 Nf6 2. c4 e6 3. Nc3 Bb4 4. g4 d5 5. a3 Be7 6. cxd5 exd5 7. g5 Ne4 8. Nxe4 dxe4 9. Qa4+ Nc6 10. Qxe4 Be6 11. Bg2 Bd5 12. Qa4 Qd7 13. d3 f5 14. Bf4 b5 15. Qd1 h6 16. gxh6 g5 17. e4 gxf4 18. exd5 Qxd5 19. O-O Rxh6 20. Ng5 f3 21. Qxf3 Qxf3 22. Nxf3 O-O-O 23. Rfe1 Rg8 24. Kf1 Bd6 25. h4 b4 26. Bh3 Ne7 27. axb4 Bxb4 28. Rec1 a5 29. Rc4 Rf8 30. Rxb4 1-0

[Event "FB1 2223 Rodewischer Schachmiezen - SC "]
[Site "?"]
[Date "2022.10.16"]
[Round "2.6"]
[White "Korenova, Martina"]
[Black "Obolentseva, Alexandra"]
[Result "0-1"]
[WhiteElo "2164"]
[BlackElo "2310"]
[PlyCount "82"]
[EventDate "2022.??.??"]

1. Nf3 Nf6 2. g3 g6 3. Bg2 Bg7 4. O-O O-O 5. d4 d6 6. Re1 c5 7. c3 Na6 8. e4 Bg4 9. Nbd2 cxd4 10. cxd4 Qd7 11. Qb3 Nh5 12. e5 dxe5 13. Nxe5 Bxe5 14. Rxe5 Qxd4 15. Rd5 Qb4 16. Rb5 Qd4 17. Nf3 Qg7 18. Be3 b6 19. Bd4 Nf6 20. Ng5 Rad8 21. Rd5 Nc5 22. Qa3 h6 23. b4 Rxd5 24. Bxd5 e5 25. Bxe5 Ncd7 26. Bd4 hxg5 27. Qb2 Re8 28. Rc1 Re2 29. Qa1 Rd2 30. Bc6 Rxd4 31. Qxd4 Be6 32. Re1 Nf8 33. a4 N6d7 34. Qd2 Qf6 35. a5 g4 36. Qe2 Qc3 37. axb6 Qxc6 38. bxa7 Nb6 39. Qe3 Nfd7 40. Rc1 Qb7 41. Qd4 Qxa7 0-1

[Event "FB1 2223 Rodewischer Schachmiezen - SV "]
[Site "?"]
[Date "2022.11.12"]
[Round "3.1"]
[White "Schulze, Lara"]
[Black "Sieber, Fiona"]
[Result "1-0"]
[WhiteElo "2277"]
[BlackElo "2265"]
[PlyCount "105"]
[EventDate "2022.??.??"]

1. e4 c5 2. Nf3 e6 3. b3 Nc6 4. Bb2 d6 5. d4 cxd4 6. Nxd4 e5 7. Nxc6 bxc6 8. c4 Nf6 9. Nc3 Be7 10. Be2 O-O 11. O-O Be6 12. f4 exf4 13. Rxf4 Nd7 14. Rf1 Ne5 15. Kh1 Qa5 16. Qe1 Rfe8 17. Nd5 Bd8 18. Bc3 Qa3 19. Nf4 a5 20. Qg3 Ng6 21. Nd3 Bxc4 22. Bb2 Qxb2 23. Nxb2 Bxe2 24. Qxd6 Bxf1 25. Rxf1 Bf6 26. Nc4 Rxe4 27. Qxc6 Ree8 28. Nd6 Red8 29. Qc7 Be5 30. Qxf7+ Kh8 31. Nf5 Rf8 32. Qd5 Rac8 33. g3 Rc2 34. Qxa5 Re2 35. a4 Bb8 36. Qc5 Re5 37. Qc2 Ne7 38. Ne3 Re8 39. Nc4 Re6 40. Qd3 Nc6 41. Qd7 Nd8 42. a5 h6 43. b4 Kh7 44. b5 R6e7 45. Qd3+ Kh8 46. Qa3 Ne6 47. Nd6 Bxd6 48. Qxd6 Ng5 49. Rf8+ Rxf8 50. Qxe7 Rf2 51. Qe3 Rb2 52. b6 Nh3 53. b7 1-0

[Event "FB1 2223 Rodewischer Schachmiezen - SV "]
[Site "?"]
[Date "2022.11.12"]
[Round "3.2"]
[White "Lubbe, Melanie"]
[Black "Cosma, Elena-Luminita"]
[Result "1/2-1/2"]
[WhiteElo "2314"]
[BlackElo "2244"]
[PlyCount "99"]
[EventDate "2022.??.??"]

1. e4 e6 2. d4 d5 3. Nc3 Nf6 4. e5 Nfd7 5. f4 c5 6. Nf3 Nc6 7. Be3 cxd4 8. Nxd4 Qb6 9. Qd2 Qxb2 10. Rb1 Qa3 11. Bb5 Nxd4 12. Bxd4 a6 13. Bxd7+ Bxd7 14. Rb3 Qe7 15. Rxb7 Qd8 16. O-O Qc8 17. Rb3 Bc5 18. f5 Bxd4+ 19. Qxd4 Qc4 20. Qd2 Qc8 21. Kh1 exf5 22. Nxd5 Be6 23. Rd3 Bxd5 24. Rxd5 Qc4 25. Rxf5 O-O 26. c3 Rab8 27. h3 Rb1+ 28. Kh2 Rb2 29. Qxb2 Qxd5 30. Qe2 Re8 31. c4 Qe6 32. Rf3 Qxe5+ 33. Qxe5 Rxe5 34. Ra3 Re6 35. Kg3 Kf8 36. Kf3 Ke7 37. Rb3 Rc6 38. Rb4 Kd6 39. Ke3 Kc5 40. Rb7 Rg6 41. Rc7+ Kb6 42. Rxf7 Rxg2 43. Kd4 Rg3 44. h4 Rh3 45. Rxg7 Rxh4+ 46. Kd5 Rh5+ 47. Kd6 Rh6+ 48. Kd5 Rh5+ 49. Kd6 Rh6+ 50. Kd5 1/2-1/2

[Event "FB1 2223 Rodewischer Schachmiezen - SV "]
[Site "?"]
[Date "2022.11.12"]
[Round "3.3"]
[White "Voicu-Jagodzinsky, Carmen"]
[Black "Movsesian, Julia"]
[Result "1/2-1/2"]
[WhiteElo "2300"]
[BlackElo "2261"]
[PlyCount "99"]
[EventDate "2022.??.??"]

1. Nf3 Nf6 2. c4 c5 3. Nc3 Nc6 4. g3 g6 5. Bg2 Bg7 6. O-O O-O 7. d3 d6 8. a3 Bf5 9. Rb1 a5 10. Nh4 Bd7 11. f4 Qc8 12. Nd5 Nxd5 13. cxd5 Nd4 14. Rf2 b5 15. e3 Bg4 16. Qf1 Nb3 17. Bd2 Nxd2 18. Rxd2 b4 19. Rc2 Bf5 20. Nxf5 Qxf5 21. a4 b3 22. Rc4 Rab8 23. Qe2 Qd7 24. Ra1 Rfc8 25. h4 Rb4 26. Kh2 Rcb8 27. Bh3 Qe8 28. h5 Rxc4 29. dxc4 Rb4 30. hxg6 hxg6 31. Ra3 Rxa4 32. Rxb3 Rb4 33. Rxb4 axb4 34. b3 Qa8 35. Bd7 Qa3 36. Ba4 Qc1 37. Kg2 Bc3 38. g4 Kg7 39. g5 Bd2 40. Kf2 Bc3 41. Kg2 Bd2 42. Kf2 Kg8 43. Bd7 Bc3 44. Kg2 Qb1 45. Ba4 Kg7 46. Qf1 Qe4+ 47. Qf3 Qc2+ 48. Qf2 Qd1 49. Qf3 Qc2+ 50. Qf2 1/2-1/2

[Event "FB1 2223 Rodewischer Schachmiezen - SV "]
[Site "?"]
[Date "2022.11.12"]
[Round "3.4"]
[White "Sliwicka, Alicja"]
[Black "Kucharska, Honorata"]
[Result "1-0"]
[WhiteElo "2250"]
[BlackElo "2180"]
[PlyCount "103"]
[EventDate "2022.??.??"]

1. e4 e6 2. d4 d5 3. e5 c5 4. c3 Nc6 5. Nf3 Qb6 6. Bd3 cxd4 7. O-O Bd7 8. Re1 Rc8 9. a3 h6 10. h4 a6 11. h5 dxc3 12. Nxc3 Bc5 13. Rf1 Qc7 14. Bf4 Nge7 15. Rc1 Ba7 16. b4 Qd8 17. Re1 Nd4 18. Nh4 Nb5 19. Nb1 Rxc1 20. Bxc1 d4 21. Qg4 Bc6 22. Nd2 Nc3 23. Nc4 Bb8 24. Bf4 Ncd5 25. Nd6+ Kf8 26. Bg3 Bxd6 27. exd6 Ng8 28. Qxd4 Ngf6 29. Qe5 Nd7 30. Qe2 Qf6 31. Qg4 Qc3 32. Qe2 Qf6 33. Qd2 Qg5 34. Qd1 Qf6 35. Qc2 Qc3 36. Qe2 Qf6 37. Qc2 Qc3 38. Qxc3 Nxc3 39. Rc1 Nd5 40. Bxa6 N5b6 41. Bd3 Rg8 42. b5 Bd5 43. a4 f5 44. a5 Na4 45. Ng6+ Kf7 46. Rc7 Ke8 47. Ne7 Rf8 48. Nxd5 exd5 49. a6 bxa6 50. bxa6 Nab6 51. Bb5 Kd8 52. a7 1-0

[Event "FB1 2223 Rodewischer Schachmiezen - SV "]
[Site "?"]
[Date "2022.11.12"]
[Round "3.5"]
[White "Kulovana, Eva"]
[Black "Hagarova, Zuzana"]
[Result "1/2-1/2"]
[WhiteElo "2187"]
[BlackElo "2288"]
[PlyCount "105"]
[EventDate "2022.??.??"]

1. e4 c5 2. Nf3 Nc6 3. Bb5 e5 4. Bxc6 dxc6 5. d3 Bd6 6. h3 h6 7. Nbd2 Qe7 8. Nc4 Bc7 9. b3 Nf6 10. Bb2 Nd7 11. O-O b6 12. Qd2 Bb7 13. Qc3 f6 14. a3 Nf8 15. Nh4 Qd7 16. b4 cxb4 17. axb4 Ne6 18. Nf5 O-O 19. Ra2 a6 20. Qd2 Rad8 21. Qe3 Nd4 22. Bxd4 exd4 23. Qf3 Qf7 24. Rfa1 Kh7 25. h4 g6 26. Ng3 h5 27. Qd1 Bc8 28. Ne2 Qe6 29. g3 f5 30. e5 Bxe5 31. Nxb6 Bb7 32. Na4 Bc8 33. Nc5 Qf7 34. Qd2 f4 35. Nxf4 Bxf4 36. Qxf4 Qxf4 37. gxf4 Rxf4 38. Nxa6 Rg4+ 39. Kf1 Rxh4 40. Nc5 Bh3+ 41. Ke2 Re8+ 42. Kd2 Rf4 43. Ne4 Bg2 44. Ra6 Bxe4 45. dxe4 Rexe4 46. Rxc6 Rxf2+ 47. Kd3 Ref4 48. b5 R2f3+ 49. Kd2 Rf2+ 50. Kd3 R2f3+ 51. Kd2 Rf2+ 52. Kd3 R2f3+ 53. Kd2 1/2-1/2